NCAA Football Head Coaches - Statistics

General Stats
  • This quiz has been taken 47 times
  • The average score is 32 of 130
Answer Stats
Schools City % Correct
Clemson Dabo Swinney
79%
LSU Brian Kelly
70%
Georgia Kirby Smart
70%
Ohio State Ryan Day
67%
Texas Steve Sarkisian
67%
Alabama Kalen DeBoer
64%
Colorado Deion Sanders
61%
Boston College Bill O'Brien
58%
Florida Billy Napier
58%
Penn State James Franklin
58%
Ole Miss Lane Kiffin
58%
Syracuse Fran Brown
55%
Tennessee Josh Heupel
55%
Oklahoma State Mike Gundy
55%
Florida State Mike Norvell
55%
UMass Don Brown
52%
Auburn Hugh Freeze
52%
North Carolina Mack Brown
52%
Miami (FL) Mario Cristobal
52%
West Virginia Neal Brown
52%
South Carolina Shane Beamer
52%
Oklahoma Brent Venables
48%
Indiana Curt Cignetti
48%
Oregon Dan Lanning
48%
Colorado State Jay Norvell
48%
USC Lincoln Riley
48%
Kentucky Mark Stoops
48%
Nebraska Matt Rhule
48%
Texas A&M Mike Elko
48%
Michigan State Jonathan Smith
45%
Notre Dame Marcus Freeman
45%
Missouri Eli Drinkwitz
42%
Michigan Sherrone Moore
42%
Iowa Kirk Ferentz
39%
Iowa State Matt Campbell
39%
Minnesota P.J. Fleck
39%
Illinois Bret Bielema
36%
Vanderbilt Clark Lea
36%
Arizona State Kenny Dillingham
36%
Utah Kyle Whittingham
36%
Duke Manny Diaz
36%
Georgia Tech Brent Key
33%
Rutgers Greg Schiano
33%
Washington Jedd Fisch
33%
Louisville Jeff Brohm
33%
Wisconsin Luke Fickell
33%
Arkansas Sam Pittman
33%
TCU Sonny Dykes
33%
Virginia Tech Brent Pry
30%
UCLA DeShaun Foster
30%
Maryland Mike Locksley
30%
UCF Gus Malzahn
27%
SMU Rhett Lashlee
27%
Kansas State Chris Klieman
24%
Baylor Dave Aranda
24%
Wake Forest Dave Clawson
24%
Mississippi State Jeff Lebby
24%
UConn Jim Mora
24%
Kansas Lance Leipold
24%
Purdue Ryan Walters
24%
Arkansas State Butch Jones
21%
Northwestern David Braun
21%
Army Jeff Monken
21%
BYU Kalani Sitake
21%
Pittsburgh Pat Narduzzi
21%
Jacksonville State Rich Rodriguez
21%
Cincinnati Scott Satterfield
21%
UNLV Barry Odom
18%
NC State Dave Doeren
18%
Texas Tech Joey McGuire
18%
California Justin Wilcox
18%
Western Michigan Lance Taylor
18%
UAB Trent Dilfer
18%
Stanford Troy Taylor
18%
Houston Willie Fritz
18%
Washington State Jake Dickert
15%
Tulane Jon Sumrall
15%
Virginia Tony Elliott
15%
South Florida Alex Golesh
12%
Georgia Southern Clay Helton
12%
North Texas Eric Morris
12%
Liberty Jamey Chadwell
12%
Toledo Jason Candle
12%
UTSA Jeff Traylor
12%
Hawaii Timmy Chang
12%
Western Kentucky Tyson Helton
12%
Arizona Brent Brennan
9%
New Mexico Bronco Mendenhall
9%
Middle Tennessee Derek Mason
9%
Boise State Spencer Danielson
9%
Florida Atlantic Tom Herman
9%
Oregon State Trent Bray
9%
Marshall Charles Huff
6%
Miami (OH) Chuck Martin
6%
Akron Joe Moorhead
6%
Memphis Ryan Silverfield
6%
Appalachian State Shawn Clark
6%
Air Force Troy Calhoun
6%
Charlotte Biff Poggi
3%
James Madison Bob Chesney
3%
Kennesaw State Brian Bohannon
3%
Navy Brian Newberry
3%
Louisiana-Monroe Bryant Vincent
3%
Eastern Michigan Chris Creighton
3%
Georgia State Dell McGee
3%
Texas State G.J. Kinne
3%
Nevada Jeff Choate
3%
Tulsa Kevin Wilson
3%
Buffalo Pete Lembo
3%
Old Dominion Ricky Rahne
3%
Bowling Green Scot Loeffler
3%
San Diego State Sean Lewis
3%
Louisiana Tech Sonny Cumbie
3%
Temple Stan Drayton
3%
Northern Illinois Thomas Hammock
3%
Coastal Carolina Tim Beck
3%
Troy Gerad Parker
0%
Wyoming Jay Sawvel
0%
Central Michigan Jim McElwain
0%
Sam Houston State K.C. Keeler
0%
Kent State Kenni Burns
0%
San Jose State Ken Niumatalolo
0%
South Alabama Major Applewhite
0%
Louisiana-Lafayette Michael Desormeaux
0%
Florida Intl. Mike MacIntyre
0%
Ball State Mike Neu
0%
UTEP Scotty Walden
0%
Ohio Tim Albin
0%
Fresno State Tim Skipper
0%
New Mexico State Tony Sanchez
0%
No matching quizzes found
Score Distribution
Percent of People with Each Score
Percentile by Number Answered
Your Score History
You have not taken this quiz